Normal view
MARC view
- Pipkin, Bernard W.
Entry Personal Name
001 - CONTROL NUMBER
- control field: 2079
003 - CONTROL NUMBER IDENTIFIER
- control field: NUST
005 - DATE AND TIME OF LATEST TRANSACTION
- control field: 20170606125214.0
008 - FIXED-LENGTH DATA ELEMENTS
- fixed length control field: 170606|| aca||aabn | a|a d
040 ## - CATALOGING SOURCE
- Original cataloging agency: NUST
- Transcribing agency: NUST
100 ## - HEADING--PERSONAL NAME
- Personal name: Pipkin, Bernard W.
670 ## - SOURCE DATA FOUND
- Source citation: Work cat.: (NUST)0: Pipkin, Bernard W., Geology and the environment /, c2001.
